000 00710nam a2200289Ia 4500
005 20260324115943.0
008 008 260324s9999 xx 000 0 eng d
020 _a9781315767505
037 _aEBOOK
040 _aCRL
040 _beng
040 _cCRL
041 _2eng
041 _aeng
084 _qCRL
100 _aHongzhi Zhang; Philip Chan; Jane Kenway
_91156644
245 0 _aAsia as Method in Education Studies
245 2 _bA defiant research imagination
260 _bTaylor and Francis
260 _c2015
365 _a
365 _b240
856 _uhttp://www.taylorfrancis.com/books/9781315767505
942 _cEBOOK
999 _c1747906
_d1747906